000 01465nam0a2200325 4500
001 RU\NLR\bibl\868919
005 20260407105127.0
010 _a5-920451-19-4
_910000
021 _aRU
_b2005-64294
_93162
035 _a(NLR Aleph) 000857550
090 _a1519217
_c1519217
100 _a20051109d2005 |||y0rusy50 ca
101 0 _arus
102 _aRU
105 _ay |||||||||
200 1 _aПособие по истории Отечества для поступающих в ВУЗы
_fМГУ им. М.В. Ломоносова, Ист. фак.
_g[Зуйков В.В. и др.
_gредкол.: Орлов А.С. и др.]
205 _a5-е изд., доп.
210 _aМосква
_cПростор
_d2005
215 _a474,[1] с.
_d20
607 _aРоссия
_jУчебные издания для поступающих в высшие учебные заведения
_xИстория
_91554184
_3RU\NLR\auth\66979780
686 _aТ3(2)я72
702 1 _aЗуйков
_bВ. В.
_4220
702 1 _4340
_8rus
_7ca
_aОрлов
_bА. С.
_cканд. ист. наук, история России
_f1938 -
_gАлександр Сергеевич
_3RU\NLR\AUTH\772328
_9112343
712 0 2 _4570
_aМГУ им. М. В. Ломоносова
_bИсторический факультет
_3RU\NLR\AUTH\889936539
_9367884
801 0 _aRU
_bNLR
_c20051109
_grcr
801 1 _aRU
_bNLR
_c20051109
942 _cBOOK
980 _aNB